Los fichajes más caros del fútbol - Nacidos en 1992 - Estadísticas

Estadísticas generales
  • Esta prueba ha sido intentada 61 veces
  • La puntuación promedio es 9 de 10
Estadísticas de respuestas
Coste (M €) Temporada Nacionalidad Último club Nuevo club Jugador % Correcto
222,00 2017-2018 Brasil FC Barcelona PSG Neymar
100%
90,00 2023-2024 Brasil PSG Al-Hilal Neymar
100%
88,00 2013-2014 Brasil Santos FC Barcelona Neymar
100%
70,65 2022-2023 Brasil Real Madrid Manchester United Casemiro
96%
42,00 2017-2018 Egipto AS Roma Liverpool Mohamed Salah
94%
135,00 2017-2018 Brasil Liverpool FC Barcelona Philippe Coutinho
93%
45,00 2023-2024 Italia PSG Al-Arabi SC Marco Verratti
80%
62,50 2018-2019 Brasil AS Roma Liverpool Alisson
78%
45,00 2016-2017 Suiza Borussia Mönchengladbach Arsenal Granit Xhaka
72%
66,00 2017-2018 España Real Madrid Chelsea Álvaro Morata
70%
No se encontraron pruebas coincidentes
Distribución de puntuación
Porcentaje de gente con cada puntuación
Porcentaje por número respondido
Historial de tus puntuaciones
No has intentado esta prueba.